00540nam a2200181Ia 4500020001800000082001900018245005000037250001200087260003500099300001000134504001900144650002900163650004900192650003800241650003900279700002100318700001900339 a0-08-034486-0 a305.40973 WOM; 0aWomen, power and policy: toward the year 2000 a2nd ed. aNew YorkbPergamon Pressc1988 a319p. aIncludes index aFeminism - United States aWomen - Sociological aspects - United States aWomen in politics - United States aWomen - Employment - United States aBoneparth, Ellen aStoped, Emily